Una historia del matrimonio

Zapisane w:
Opis bibliograficzny
1. autor: Beneyto, Juan (Autor)
Format: Książka
Język:hiszpański
Wydane: Madrid Eudema 1993
Seria:Eudema Historia Perfiles
Hasła przedmiotowe:
Etykiety: Dodaj etykietę
Nie ma etykietki, Dołącz pierwszą etykiete!

MARC

LEADER 00000nam a2200000 a 4500
001 UCX8802
003 CL-VaPUC
008 940502e19930000SP |||||||||||||||||spa|d
082 0 4 |a 306.8  |b BEN  |2 21 
100 0 |a Beneyto, Juan  |e author  |9 326011 
245 1 4 |a Una historia del matrimonio 
300 |a 96 p 
942 |c BK 
945 |d 19940502 00:00:00  |a oaravena 
260 |a Madrid  |b Eudema  |c 1993 
650 7 |a MATRIMONIO  |2 CL-VaPUC  |9 326012 
650 0 |a Historia  |9 255047 
583 |a last modification  |c 19940502 00:00:00  |k Rodrigo Vera 
490 0 |a Eudema Historia Perfiles 
999 |c 228200  |d 228198 
952 |0 0  |1 0  |4 0  |6 306_800000000000000_BEN_1993  |7 0  |8 A  |9 227991  |a BIBHIS  |b BIBHIS  |d 2019-11-15  |i 297486K  |o 306.8 BEN 1993  |p 297486K  |r 2025-01-20  |w 2019-11-15  |y BK  |k HIS 
952 |0 0  |1 0  |4 0  |6 306_800000000000000_BEN_1993  |7 0  |8 A  |9 227992  |a BIBEDU  |b BIBEDU  |d 2019-11-15  |i 298797K  |o 306.8 BEN 1993  |p 298797K  |r 2019-11-15  |w 2019-11-15  |y BK  |k EDU